[Event "Ruhrgebiet Bezirksliga 17/18"]
[Site "Ruhrgebiet"]
[Date "2018.03.11"]
[Round "8.3"]
[White "Schweda, Sven"]
[Black "Junker, Timo"]
[Result "0-1"]
[WhiteElo "1418"]
[BlackElo "1792"]
[PlyCount "60"]
[EventDate "2017.09.03"]
[EventType "team-tourn"]
[EventRounds "9"]
[EventCountry "GER"]
[SourceTitle "EXT 2022"]
[Source "ChessBase"]
[SourceDate "2021.10.06"]
[SourceVersion "1"]
[SourceVersionDate "2021.10.06"]
[SourceQuality "1"]
[WhiteTeam "Unna SV II"]
[BlackTeam "Ahlen SV II"]
[WhiteTeamCountry "GER"]
[BlackTeamCountry "GER"]

1. e4 c5 2. Nf3 e6 3. Bb5 a6 4. Be2 Qc7 5. Nc3 Nc6 6. d3 Nf6 7. Bg5 Be7 8. 0-0 b5 9. Qd2 b4 10. Na4 0-0 11. Bxf6 Bxf6 12. Nxc5 Bxb2 13. Rab1 Bc3 14. Qg5 Nd4 15. Nxd4 Bxd4 16. Nb3 Bf6 17. Qd2 Bc3 18. Qe3 f5 19. Bf3 Bb7 20. Qg5 Be5 21. g3 Qxc2 22. Na5 Qxd3 23. Nxb7 Qxf3 24. Qe7 f4 25. Qxd7 fxg3 26. fxg3 Qe3+ 27. Kg2 Qe2+ 28. Kg1 Qxe4 29. Qxe6+ Kh8 30. Nd6 Bd4+ 0-1

[Event "Ruhrgebiet Bezirksliga 17/18"]
[Site "Ruhrgebiet"]
[Date "2017.11.19"]
[Round "4.3"]
[White "Tubis, Reiner"]
[Black "Schweda, Sven"]
[Result "1-0"]
[WhiteElo "1725"]
[BlackElo "1472"]
[PlyCount "45"]
[EventDate "2017.09.03"]
[EventType "team-tourn"]
[EventRounds "9"]
[EventCountry "GER"]
[SourceTitle "EXT 2022"]
[Source "ChessBase"]
[SourceDate "2021.10.06"]
[SourceVersion "1"]
[SourceVersionDate "2021.10.06"]
[SourceQuality "1"]
[WhiteTeam "Kamen SV IV"]
[BlackTeam "Unna SV II"]
[WhiteTeamCountry "GER"]
[BlackTeamCountry "GER"]

1. e4 e5 2. Nf3 Nc6 3. Bc4 d6 4. d3 Bg4 5. Bxf7+ Kd7 6. h3 Qe7 7. Bxg8 Bxf3 8. Qxf3 Rxg8 9. Nc3 Nd4 10. Qg4+ Qe6 11. Qxe6+ Kxe6 12. Kd1 c6 13. Be3 Nb5 14. Nxb5 cxb5 15. f4 g6 16. Rf1 Be7 17. Kd2 Raf8 18. g3 a6 19. d4 Bf6 20. c3 Rc8 21. Rf2 Rc4 22. b3 Rc7 23. fxe5 1-0

[Event "Ruhrgebiet Bezirksliga 17/18"]
[Site "Ruhrgebiet"]
[Date "2017.09.03"]
[Round "1.3"]
[White "Schweda, Sven"]
[Black "Solberg, Kirsten"]
[Result "0-1"]
[WhiteElo "1471"]
[BlackElo "1878"]
[PlyCount "46"]
[EventDate "2017.09.03"]
[EventType "team-tourn"]
[EventRounds "9"]
[EventCountry "GER"]
[SourceTitle "EXT 2022"]
[Source "ChessBase"]
[SourceDate "2021.10.06"]
[SourceVersion "1"]
[SourceVersionDate "2021.10.06"]
[SourceQuality "1"]
[WhiteTeam "Unna SV II"]
[BlackTeam "Unna SV"]
[WhiteTeamCountry "GER"]
[BlackTeamCountry "GER"]

1. e4 c5 2. Nf3 d6 3. Nc3 Nc6 4. Bc4 Nf6 5. d3 e6 6. 0-0 Be7 7. Bg5 a6 8. a4 0-0 9. Re1 Qc7 10. Qd2 Rd8 11. Ne2 Na5 12. Qc3 Nxc4 13. Qxc4 d5 14. exd5 Nxd5 15. Bxe7 Qxe7 16. Nc3 Nxc3 17. Qxc3 b6 18. d4 Qf6 19. Rad1 Bb7 20. Rd3 Bxf3 21. gxf3 Rxd4 22. Rxd4 Qxd4 23. Qxd4 cxd4 0-1

[Event "Ruhrgebiet Bezirksliga 15/16"]
[Site "Ruhrgebiet"]
[Date "2016.02.28"]
[Round "8.8"]
[White "Schweda, Sven"]
[Black "Moeller, Manuel"]
[Result "1-0"]
[WhiteElo "1370"]
[BlackElo "1493"]
[PlyCount "89"]
[EventDate "2015.08.30"]
[EventType "team-tourn"]
[EventRounds "9"]
[EventCountry "GER"]
[SourceTitle "EXT 2022"]
[Source "ChessBase"]
[SourceDate "2021.10.06"]
[SourceVersion "1"]
[SourceVersionDate "2021.10.06"]
[SourceQuality "1"]
[WhiteTeam "Unna SV"]
[BlackTeam "Kamen SV IV"]
[WhiteTeamCountry "GER"]
[BlackTeamCountry "GER"]

1. e4 e6 2. Nf3 Nc6 3. Nc3 g6 4. d4 d5 5. e5 Na5 6. b3 c5 7. Bb2 a6 8. a4 Bd7 9. Ba3 Qb6 10. dxc5 Bxc5 11. Bxc5 Qxc5 12. Qd4 Rc8 13. Qxc5 Rxc5 14. Kd2 Rc7 15. Bd3 Nh6 16. h3 Ke7 17. Ne2 Nc6 18. c3 Rhc8 19. Rhc1 Ng8 20. b4 Na7 21. Nfd4 b5 22. axb5 axb5 23. Ra5 Rb8 24. Rca1 Rbb7 25. Nc1 f6 26. f4 fxe5 27. fxe5 Nc6 28. Nxc6+ Bxc6 29. Nb3 Rb6 30. Nd4 Kd7 31. Bxb5 Bxb5 32. Rxb5 Rxb5 33. Nxb5 Rb7 34. Ra7 Rxa7 35. Nxa7 Ne7 36. Kd3 Kc7 37. Nb5+ Kc6 38. Nd4+ Kd7 39. b5 Nc8 40. c4 dxc4+ 41. Kxc4 Ne7 42. Kc5 Nd5 43. b6 g5 44. b7 Nc7 45. Kb6 1-0

[Event "Ruhrgebiet Bezirksliga 15/16"]
[Site "Ruhrgebiet"]
[Date "2015.10.25"]
[Round "3.8"]
[White "Schweda, Sven"]
[Black "Zimmer, Tobias"]
[Result "0-1"]
[WhiteElo "1399"]
[BlackElo "1697"]
[PlyCount "92"]
[EventDate "2015.08.30"]
[EventType "team-tourn"]
[EventRounds "9"]
[EventCountry "GER"]
[SourceTitle "EXT 2022"]
[Source "ChessBase"]
[SourceDate "2021.10.06"]
[SourceVersion "1"]
[SourceVersionDate "2021.10.06"]
[SourceQuality "1"]
[WhiteTeam "Unna SV"]
[BlackTeam "Werl SC 1981"]
[WhiteTeamCountry "GER"]
[BlackTeamCountry "GER"]

1. e4 e6 2. Nf3 d5 3. exd5 exd5 4. d4 Nc6 5. Be3 Bd6 6. Nc3 Nge7 7. Bb5 Bg4 8. Qd2 Bxf3 9. gxf3 Qd7 10. 0-0-0 a6 11. Ba4 0-0-0 12. Bb3 Qf5 13. f4 Bb4 14. Rhg1 g6 15. Qd3 Bxc3 16. Qxc3 Qh3 17. Rh1 Nf5 18. Rde1 Rhe8 19. Bd2 Qxc3 20. bxc3 Na5 21. Rxe8 Nxb3+ 22. cxb3 Rxe8 23. Re1 Rxe1+ 24. Bxe1 Kd7 25. Kd2 Ke6 26. f3 Ng7 27. Ke3 Kf5 28. c4 c6 29. cxd5 cxd5 30. Bg3 Nh5 31. a3 b5 32. Kd3 Nxf4+ 33. Kc3 Ne2+ 34. Kb4 Nxd4 35. Ka5 Nxb3+ 36. Kxa6 d4 37. Kxb5 d3 38. Be1 Kf4 39. Kb4 Nd4 40. Kc4 Ke3 41. a4 Nxf3 42. Bb4 d2 43. Bxd2+ Nxd2+ 44. Kb4 Kd4 45. a5 Kd5 46. Kb5 Kd6 0-1

[Event "Dortmund Sparkassen op-B"]
[Site "Dortmund"]
[Date "2013.08.03"]
[Round "8"]
[White "Eick, Holger"]
[Black "Schweda, Sven"]
[Result "0-1"]
[WhiteElo "1470"]
[BlackElo "1463"]
[PlyCount "75"]
[EventDate "2013.07.27"]
[EventType "swiss"]
[EventRounds "9"]
[EventCountry "GER"]
[SourceTitle "EXT 2022"]
[Source "ChessBase"]
[SourceDate "2021.10.06"]
[SourceVersion "1"]
[SourceVersionDate "2021.10.06"]
[SourceQuality "1"]

1. d4 g6 2. Nf3 Bg7 3. c4 e6 4. e3 d5 5. Nc3 Nf6 6. Bd3 0-0 7. 0-0 c6 8. e4 dxe4 9. Nxe4 Nxe4 10. Bxe4 b6 11. Be3 Bb7 12. Qd2 f5 13. Bc2 Nd7 14. Ng5 Qf6 15. b4 f4 16. Ne4 Qh4 17. f3 fxe3 18. Qxe3 Qf4 19. Qf2 c5 20. Rad1 Bxe4 21. Bxe4 Bxd4 22. Rxd4 cxd4 23. Bxa8 Rxa8 24. Rd1 e5 25. g3 Qf7 26. Qd2 Qxf3 27. Rf1 Qe3+ 28. Qxe3 dxe3 29. Re1 Rc8 30. Rc1 e4 31. Kf1 b5 32. Ke2 Rxc4 33. Rxc4 bxc4 34. Kxe3 c3 35. a4 Nb6 36. a5 Nc4+ 37. Ke2 Na3 38. Kd1 0-1

[Event "Dortmund Sparkassen op-B"]
[Site "Dortmund"]
[Date "2013.07.27"]
[Round "1"]
[White "Schweda, Sven"]
[Black "Baumann, Stephan"]
[Result "0-1"]
[WhiteElo "1463"]
[BlackElo "1759"]
[PlyCount "74"]
[EventDate "2013.07.27"]
[EventType "swiss"]
[EventRounds "9"]
[EventCountry "GER"]
[SourceTitle "EXT 2022"]
[Source "ChessBase"]
[SourceDate "2021.10.06"]
[SourceVersion "1"]
[SourceVersionDate "2021.10.06"]
[SourceQuality "1"]

1. e4 e5 2. Nc3 Nf6 3. Nf3 Nc6 4. b3 Bc5 5. Be2 d6 6. 0-0 0-0 7. Bb2 Be6 8. d3 Qd7 9. Ng5 Ne7 10. h3 Ng6 11. Nxe6 fxe6 12. Bg4 Qf7 13. Bf3 Nf4 14. Ne2 N6h5 15. Nxf4 Nxf4 16. Kh2 Ng6 17. Bc1 Qf6 18. Qe2 Qe7 19. Be3 Bb6 20. Bxb6 axb6 21. Qe3 Rf6 22. g3 Raf8 23. Bh5 Nh8 24. Be2 Nf7 25. f4 exf4 26. Rxf4 Rxf4 27. gxf4 Nh8 28. Rg1 Ng6 29. Rf1 Qf6 30. d4 Nxf4 31. Bg4 e5 32. dxe5 Qxe5 33. Kg1 d5 34. Re1 Re8 35. Kf2 dxe4 36. Bf3 Nxh3+ 37. Kg2 exf3+ 0-1